| 000 | 00420nam a2200181 a 4500 | ||
|---|---|---|---|
| 001 | 2928 | ||
| 003 | CDMR | ||
| 005 | 20131213141424.0 | ||
| 008 | 130130s1964||||||||||||||||||||||||||||d | ||
| 040 |
_aCDMR _bcat _cCDMR |
||
| 100 | 1 |
_aRodríguez Lebrato, Jaime _92150 |
|
| 245 | 1 | 0 | _aMás allá de la noticia |
| 250 | _a2a ed. | ||
| 260 |
_aPamplona _c1964 _bOPE |
||
| 300 | _a250 p. | ||
| 490 | 0 |
_aOPE _v5 |
|
| 942 |
_cMON _2udc |
||
| 999 |
_c2928 _d2928 |
||